WWE Released Wrestlers 2025 - Statistics

General Stats
  • This quiz has been taken 61 times
    25 since last reset
  • The average score is 9 of 40
Answer Stats
Month Brand Wrestler % Correct
May SmackDown Braun Strowman
70%
May Raw Shayna Baszler
50%
February Raw Sonya Deville
50%
August Raw Scarlett
45%
September SmackDown Andrade
40%
May Raw Dakota Kai
40%
August Raw Karrion Kross
40%
May SmackDown Katana Chance
30%
February Raw Akam
25%
February SmackDown Blair Davenport
25%
May NXT Cora Jade
25%
February SmackDown Elektra Lopez
25%
May NXT Jakara Jackson
25%
May SmackDown Kayden Carter
25%
February Raw Rezar
25%
November NXT Ridge Holland
25%
May NXT Gigi Dolin
20%
February SmackDown Giovanni Vinci
20%
February Raw Isla Dawn
20%
May NXT Shotzi
20%
August NXT Ashante Adonis
15%
February Free agent Carmella
15%
February NXT Cedric Alexander
15%
January NXT Duke Hudson
15%
September NXT Jazmyn Nyx
15%
February SmackDown Karl Anderson
15%
February SmackDown Luke Gallows
15%
May NXT Oro Mensah
15%
May NXT Riley Osborne
15%
October NXT Wes Lee
15%
May NXT Joe Coffey
10%
May NXT Mark Coffey
10%
May NXT Wolfgang
10%
June Raw Carlito
5%
May NXT Dani Palmer
5%
May NXT Eddy Thorpe
5%
May NXT Javier Bernal
5%
June Free agent Valhalla
5%
September NXT Edris Enofé
0%
April NXT Meiko Satomura
0%
No matching quizzes found
Score Distribution
Percent of People with Each Score
Percentile by Number Answered
Your Score History
You have not taken this quiz since the last reset